Dos estudios de la población chilena en el siglo XVIII: distribución y crecimiento regional y tamaño de la familia
Guardat en:
| Autor principal: | |
|---|---|
| Format: | Llibre |
| Idioma: | espanyol |
| Publicat: |
La Serena, Chile
TT.GG
1981
|
| Matèries: | |
| Etiquetes: |
Afegir etiqueta
Sense etiquetes, Sigues el primer a etiquetar aquest registre!
|
MARC
| LEADER | 00000nam a2200000 a 4500 | ||
|---|---|---|---|
| 001 | UCO2121 | ||
| 003 | CL-VaPUC | ||
| 005 | 20200818175017.0 | ||
| 008 | 000602e19810000cl |||||||||||||||||spa|d | ||
| 999 | |c 288660 |d 288658 | ||
| 040 | |c Pontificia Universidad Católica de Valparaíso | ||
| 082 | 0 | 4 | |a 983.03 PIN 1981 |2 21 |
| 100 | 0 | |a Pinto Rodríguez, Jorge |e author |9 444956 | |
| 245 | 1 | 0 | |a Dos estudios de la población chilena en el siglo XVIII: |b distribución y crecimiento regional y tamaño de la familia |
| 260 | |a La Serena, Chile |b TT.GG |c 1981 | ||
| 300 | |a 65 páginas | ||
| 583 | |a last modification |c 20160826 12:36:11 |k Rodrigo Vera | ||
| 650 | 7 | |a HISTORIA DE CHILE |2 CL-VaPUC |9 314072 |y SIGLO 18 | |
| 650 | 7 | |a EPOCA COLONIAL |2 CL-VaPUC |9 444957 |z CHILE | |
| 650 | 7 | |a DEMOGRAFIA HISTORICA |2 CL-VaPUC |9 322344 |z CHILE | |
| 852 | |a BIBCUR | ||
| 942 | |c BK |2 ddc | ||
| 945 | |d 20000602 00:00:00 |a crobeson | ||
| 952 | |0 0 |1 0 |2 ddc |4 0 |6 983_030000000000000_PIN_1981 |7 0 |8 A |9 336509 |a BIBHIS |b BIBHIS |d 2019-11-20 |i 1279041 |l 3 |o 983.03 PIN 1981 |p 1279041 |r 2025-01-20 |s 2023-06-20 |t 1 |w 2019-11-20 |y BK |k HIS | ||
| 952 | |0 0 |1 0 |2 ddc |4 0 |6 983_030000000000000_PIN_1981 |7 0 |8 A |9 336510 |a BIBHIS |b BIBHIS |d 2019-11-20 |i 127905K |o 983.03 PIN 1981 |p 127905K |r 2025-01-20 |t 2 |w 2019-11-20 |y BK |k HIS | ||
| 952 | |0 0 |1 0 |2 ddc |4 0 |6 983_030000000000000_PIN_1981 |7 0 |8 A |9 336511 |a BIBHIS |b BIBHIS |d 2019-11-20 |i 1279068 |o 983.03 PIN 1981 |p 1279068 |r 2025-01-20 |t 3 |w 2019-11-20 |y BK |k HIS | ||
| 952 | |0 0 |1 0 |2 ddc |4 0 |6 983_030000000000000_PIN_1981 |7 0 |8 A |9 336512 |a BIBHIS |b BIBHIS |d 2019-11-20 |i 1279076 |o 983.03 PIN 1981 |p 1279076 |r 2025-01-20 |t 4 |w 2019-11-20 |y BK |k HIS | ||